[Event "2BLN 2122 SV Lingen - SG AE Magdeburg"]
[Site "?"]
[Date "2022.06.18"]
[Round "7.6"]
[White "Gazic, Josip"]
[Black "Paul, Johannes"]
[Result "0-1"]
[WhiteElo "2160"]
[BlackElo "2316"]
[PlyCount "70"]
[EventDate "2022.??.??"]

1. e4 c5 2. Nf3 Nc6 3. Bb5 e6 4. Bxc6 bxc6 5. O-O Ne7 6. c4 Ng6 7. Nc3 e5 8. d3
Be7 9. Ne2 O-O 10. Ng3 d6 11. Qa4 Qc7 12. a3 f5 13. exf5 Bxf5 14. Nxf5 Rxf5 15.
b4 Rxf3 16. gxf3 Qd7 17. Kh1 Qh3 18. Qd1 Nh4 19. Rg1 Nxf3 20. Rg2 Rf8 21. Qf1
Kh8 22. Be3 Rf5 23. Qe2 Rh5 24. Qxf3 Qxf3 25. bxc5 dxc5 26. Rb1 h6 27. Kg1 Rh4
28. Rg3 Rg4 29. Rb8+ Kh7 30. Kf1 Rxg3 31. hxg3 Qd1+ 32. Kg2 Qxd3 33. Rb7 Bf6
34. Bxc5 a6 35. Be3 Qxc4 0-1

[Event "2BLN 2122 SV Lingen - SG AE Magdeburg"]
[Site "?"]
[Date "2022.06.18"]
[Round "7.7"]
[White "Schoene, Maria"]
[Black "Boehme, Arne"]
[Result "1-0"]
[WhiteElo "2178"]
[BlackElo "2176"]
[PlyCount "73"]
[EventDate "2022.??.??"]

1. e4 d6 2. d4 Nf6 3. Nc3 g6 4. Be3 c6 5. h3 b5 6. e5 dxe5 7. dxe5 Qxd1+ 8.
Rxd1 Nfd7 9. f4 Nb6 10. g3 b4 11. Ne4 N8d7 12. Bg2 Nd5 13. Bd4 Bg7 14. e6 N7f6
15. exf7+ Kxf7 16. Ng5+ Kf8 17. Ne2 Bf5 18. g4 Bd7 19. O-O h5 20. f5 hxg4 21.
hxg4 gxf5 22. gxf5 Bh6 23. Bxd5 cxd5 24. Bxf6 exf6 25. Rxd5 Ke7 26. Rfd1 Rad8
27. Nf4 Rhg8 28. Re1+ Kf8 29. Nfe6+ Ke7 30. Nc5+ Kf8 31. Nce6+ Ke7 32. Nc5+ Kf8
33. Nxd7+ Rxd7 34. Rxd7 Rxg5+ 35. Kh2 Rxf5 36. Ree7 Rf2+ 37. Kg3 1-0

[Event "2BLN 2122 SV Lingen - SG AE Magdeburg"]
[Site "?"]
[Date "2022.06.18"]
[Round "7.8"]
[White "Kandic, Milan"]
[Black "Armbrust, Florian"]
[Result "0-1"]
[WhiteElo "2043"]
[BlackElo "2263"]
[PlyCount "49"]
[EventDate "2022.??.??"]

1. e4 c5 2. Nf3 d6 3. d4 cxd4 4. Nxd4 Nf6 5. Nc3 Nc6 6. Bg5 e6 7. Qd2 Be7 8.
O-O-O Nxd4 9. Qxd4 O-O 10. f3 a6 11. Kb1 Qc7 12. h4 Rd8 13. Bd3 b5 14. h5 h6
15. Bh4 b4 16. Ne2 a5 17. g4 e5 18. Qe3 Nh7 19. Bxe7 Qxe7 20. Rdg1 Ng5 21. f4
exf4 22. Qxf4 Qe5 23. Bc4 Bb7 24. Bd5 Bxd5 25. exd5 0-1

[Event "2BLN 2122 SC Rotation Pankow - SV Werde"]
[Site "?"]
[Date "2022.06.18"]
[Round "7.1"]
[White "Carlstedt, Jonathan"]
[Black "Szelag, Marcin"]
[Result "1-0"]
[WhiteElo "2431"]
[BlackElo "2427"]
[PlyCount "81"]
[EventDate "2022.??.??"]

1. d4 Nf6 2. c4 g6 3. Nc3 Bg7 4. e4 d6 5. f4 O-O 6. Nf3 c5 7. d5 e6 8. Be2 exd5
9. cxd5 Re8 10. e5 dxe5 11. fxe5 Ng4 12. e6 fxe6 13. Bg5 Qb6 14. Qd2 Nd7 15.
O-O h6 16. h3 hxg5 17. hxg4 exd5 18. Qxd5+ Qe6 19. Qxe6+ Rxe6 20. Bc4 Nb6 21.
Bxe6+ Bxe6 22. Rae1 Bxg4 23. Re7 Nc4 24. Rxb7 Nxb2 25. Nd5 Rf8 26. Ne7+ Kh7 27.
Nxg5+ Kh6 28. Rxf8 Bxf8 29. Nf7+ Kh5 30. Nd5 Bg7 31. Nf4+ Kh4 32. Nxg6+ Kh5 33.
Nfe5 Kh6 34. Rxb2 Bh5 35. g4 Bxg6 36. g5+ Kh5 37. Rh2+ Kxg5 38. Rg2+ Kf5 39.
Nxg6 Kf6 40. Kf1 c4 41. Ke2 1-0

[Event "2BLN 2122 SC Rotation Pankow - SV Werde"]
[Site "?"]
[Date "2022.06.18"]
[Round "7.2"]
[White "Tomczak, Rafal"]
[Black "Meins, Gerlef"]
[Result "1/2-1/2"]
[WhiteElo "2302"]
[BlackElo "2422"]
[PlyCount "33"]
[EventDate "2022.??.??"]

1. e4 c5 2. Nf3 Nc6 3. d4 cxd4 4. Nxd4 Nf6 5. Nc3 d6 6. Be2 e5 7. Nb3 Be7 8.
O-O O-O 9. Kh1 Be6 10. f4 exf4 11. Bxf4 d5 12. exd5 Nxd5 13. Nxd5 Qxd5 14. Bf3
Qc4 15. Be2 Qd5 16. Bf3 Qc4 17. Be2 1/2-1/2

[Event "2BLN 2122 SC Rotation Pankow - SV Werde"]
[Site "?"]
[Date "2022.06.18"]
[Round "7.3"]
[White "Joachim, Sven"]
[Black "Dauth, Benjamin"]
[Result "1/2-1/2"]
[WhiteElo "2404"]
[BlackElo "2234"]
[PlyCount "70"]
[EventDate "2022.??.??"]

1. e4 e6 2. d3 d5 3. Qe2 dxe4 4. dxe4 Nc6 5. Nf3 e5 6. c3 Nf6 7. Qc2 a6 8. a4
Bc5 9. Bc4 O-O 10. Bg5 Qe7 11. O-O Be6 12. Nbd2 h6 13. Bh4 Bxc4 14. Nxc4 Qe6
15. Bxf6 Qxf6 16. b4 Bd6 17. Rfd1 Rfd8 18. a5 Ne7 19. Nfd2 Qe6 20. Qb3 Qf6 21.
Nxd6 Qxd6 22. Nf1 Qe6 23. f3 Ng6 24. Ne3 Nf4 25. Nd5 Nxd5 26. Rxd5 Rxd5 27.
exd5 Qd6 28. c4 c6 29. Rd1 cxd5 30. c5 Qc6 31. Rxd5 Re8 32. Rd6 Qb5 33. h3 e4
34. fxe4 Rxe4 35. Rd8+ Re8 1/2-1/2

[Event "2BLN 2122 SC Rotation Pankow - SV Werde"]
[Site "?"]
[Date "2022.06.18"]
[Round "7.4"]
[White "Neumeier, Lars"]
[Black "Breutigam, Martin"]
[Result "1-0"]
[WhiteElo "2308"]
[BlackElo "2378"]
[PlyCount "101"]
[EventDate "2022.??.??"]

1. d4 d5 2. Nf3 c5 3. e3 e6 4. c4 Nf6 5. Nc3 a6 6. cxd5 exd5 7. Be2 Nc6 8. O-O
Bd6 9. dxc5 Bxc5 10. a3 O-O 11. b4 Bd6 12. Bb2 Re8 13. Rc1 Bb8 14. Qc2 Qd6 15.
Rfd1 d4 16. g3 Ba7 17. Na4 Bg4 18. Nc5 Bxc5 19. bxc5 Qd5 20. Nxd4 Nxd4 21. Rxd4
Qh5 22. Bxg4 Nxg4 23. h4 Ne5 24. Qd1 Qf5 25. Rd5 Qe4 26. Bxe5 Rxe5 27. Rxe5
Qxe5 28. Qd4 Qc7 29. Qe4 Rc8 30. Rb1 h5 31. Rxb7 Qxc5 32. a4 Qc1+ 33. Kg2 Qc6
34. Qxc6 Rxc6 35. Ra7 g6 36. a5 Kg7 37. Kf3 Kf6 38. Kf4 Ke6 39. e4 f6 40. f3
Kd6 41. g4 hxg4 42. Kxg4 Ke5 43. Re7+ Kd4 44. Kf4 Rc5 45. Rd7+ Kc4 46. Rd6 g5+
47. Kg4 gxh4 48. Rxa6 f5+ 49. exf5 Kd5 50. Kxh4 Ke5 51. Kg5 1-0

[Event "2BLN 2122 SC Rotation Pankow - SV Werde"]
[Site "?"]
[Date "2022.06.18"]
[Round "7.5"]
[White "Richter, Christian"]
[Black "Seils, Joerg"]
[Result "1/2-1/2"]
[WhiteElo "2355"]
[BlackElo "2315"]
[PlyCount "61"]
[EventDate "2022.??.??"]

1. Nf3 Nf6 2. c4 e6 3. g3 d5 4. Bg2 Be7 5. O-O O-O 6. d4 c5 7. cxd5 exd5 8. Nc3
Nc6 9. b3 b6 10. Bb2 Bb7 11. e3 Ne4 12. dxc5 Nxc3 13. Bxc3 bxc5 14. Ne5 Nxe5
15. Bxe5 Qd7 16. Rc1 Rfd8 17. Qh5 f6 18. Bh3 Qc6 19. Bd4 Qb6 20. Bc3 g6 21. Qh4
d4 22. exd4 cxd4 23. Bd2 Bd5 24. Rfe1 Bf8 25. Rcd1 Re8 26. Bf1 Rxe1 27. Bxe1
Re8 28. Qxd4 Qxd4 29. Rxd4 Bxb3 30. axb3 Rxe1 31. Kg2 1/2-1/2

[Event "2BLN 2122 SC Rotation Pankow - SV Werde"]
[Site "?"]
[Date "2022.06.18"]
[Round "7.6"]
[White "Mueller, Michael"]
[Black "Ewert, Hannes"]
[Result "0-1"]
[WhiteElo "2243"]
[BlackElo "2300"]
[PlyCount "50"]
[EventDate "2022.??.??"]

1. d4 Nf6 2. c4 e6 3. Nc3 Bb4 4. f3 c5 5. a3 Bxc3+ 6. bxc3 Nc6 7. e4 d6 8. Be3
b6 9. d5 Na5 10. Bd3 O-O 11. Qe2 Re8 12. Nh3 exd5 13. cxd5 Bxh3 14. gxh3 Nh5
15. O-O Qh4 16. Qf2 Qxh3 17. Kh1 f5 18. Bb5 f4 19. Bxf4 Nxf4 20. Bxe8 Rxe8 21.
Rg1 Rf8 22. Rg4 Nd3 23. Qg3 Qxg3 24. Rxg3 Nc4 25. Ra2 Nce5 0-1

[Event "2BLN 2122 SC Rotation Pankow - SV Werde"]
[Site "?"]
[Date "2022.06.18"]
[Round "7.7"]
[White "Kardoeus, David"]
[Black "Guth, Thomas"]
[Result "1-0"]
[WhiteElo "2142"]
[BlackElo "2238"]
[PlyCount "85"]
[EventDate "2022.??.??"]

1. d4 e6 2. c4 Nf6 3. Nf3 c5 4. d5 exd5 5. cxd5 d6 6. Nc3 g6 7. e4 Bg7 8. Nd2
Nbd7 9. h3 O-O 10. Be2 Re8 11. O-O a6 12. a4 Rb8 13. a5 Qc7 14. Qc2 b5 15. axb6
Nxb6 16. Nc4 Nxc4 17. Bxc4 Rb4 18. Qd3 a5 19. f4 Qb6 20. Re1 Ba6 21. Bxa6 c4+
22. Qe3 Qxa6 23. e5 Nd7 24. e6 fxe6 25. dxe6 Nc5 26. e7 Qa8 27. f5 Rb3 28. Qf4
Rxc3 29. bxc3 Qd5 30. fxg6 hxg6 31. Bd2 Nd3 32. Qe4 Qf7 33. Re2 d5 34. Qg4 Ne5
35. Qh4 Rxe7 36. Rae1 Bf6 37. Bg5 Kg7 38. Qh6+ Kg8 39. Qh4 Kg7 40. Bxf6+ Qxf6
41. Qd4 Nc6 42. Rxe7+ Nxe7 43. Rxe7+ 1-0

[Event "2BLN 2122 SC Rotation Pankow - SV Werde"]
[Site "?"]
[Date "2022.06.18"]
[Round "7.8"]
[White "Bruchmann, Stephan"]
[Black "Steffens, Olaf"]
[Result "1-0"]
[WhiteElo "2217"]
[BlackElo "2092"]
[PlyCount "61"]
[EventDate "2022.??.??"]

1. e4 Nc6 2. d4 d5 3. e5 f6 4. f4 Nh6 5. c3 Bg4 6. Be2 Bf5 7. Nf3 e6 8. O-O Be7
9. h3 Qd7 10. Nbd2 Nf7 11. Re1 fxe5 12. fxe5 h5 13. Nf1 g5 14. Ne3 Bg6 15. Bb5
a6 16. Bd3 Bxd3 17. Qxd3 O-O-O 18. g4 hxg4 19. hxg4 Rh3 20. Qf1 Rdh8 21. Qg2
Qe8 22. Bd2 Qg8 23. Nf1 Qh7 24. N1h2 Ncxe5 25. dxe5 Bc5+ 26. Be3 Nxe5 27. Bxc5
Nd3 28. Nxg5 Nxe1 29. Rxe1 Qd3 30. Nxh3 Rxh3 31. Nf1 1-0

[Event "2BLN 2122 SF Berlin II - FC St. Pauli"]
[Site "?"]
[Date "2022.06.18"]
[Round "7.1"]
[White "Feuerstack, Aljoscha"]
[Black "Schmidek, Emil"]
[Result "1-0"]
[WhiteElo "2484"]
[BlackElo "2418"]
[PlyCount "51"]
[EventDate "2022.??.??"]

1. d4 d5 2. c4 e6 3. Nf3 Nf6 4. g3 dxc4 5. Bg2 c6 6. O-O b5 7. Ne5 Bb7 8. b3
cxb3 9. Qxb3 Qxd4 10. Bf4 Nd5 11. Rd1 Qb4 12. Qf3 Nxf4 13. gxf4 Be7 14. Nc3 a6
15. Rab1 Qa5 16. Rd3 Ra7 17. Qh5 Rf8 18. Ne4 c5 19. Nd6+ Bxd6 20. Rxd6 g6 21.
Qxh7 Bxg2 22. Kxg2 Qa4 23. Rbd1 Qe4+ 24. Kg3 Ke7 25. Qh4+ g5 26. Qxg5+ 1-0

[Event "2BLN 2122 SF Berlin II - FC St. Pauli"]
[Site "?"]
[Date "2022.06.18"]
[Round "7.2"]
[White "Morgunov, Marc"]
[Black "Socko, Bartosz"]
[Result "1-0"]
[WhiteElo "2362"]
[BlackElo "2637"]
[PlyCount "75"]
[EventDate "2022.??.??"]

1. e4 c6 2. Nc3 d5 3. Nf3 Bg4 4. h3 Bxf3 5. Qxf3 e6 6. Be2 g6 7. d4 Bg7 8. Be3
Nd7 9. h4 h5 10. exd5 exd5 11. O-O-O Ngf6 12. Bg5 Qa5 13. g4 hxg4 14. Qe3+ Kf8
15. Bxg4 Qc7 16. f3 Re8 17. Qd2 Kg8 18. h5 Nxh5 19. Bxh5 Rxh5 20. Rxh5 gxh5 21.
Rg1 Nf8 22. f4 Qd7 23. Qh2 Bxd4 24. Rg2 Ng6 25. Qxh5 Qf5 26. Ne2 Qe4 27. Qg4
Bg7 28. Qh3 Qc4 29. b3 Qb4 30. Kd1 Qd6 31. f5 Qd7 32. Qf3 Rxe2 33. Kxe2 Ne5 34.
Qf4 Qe8 35. Kd1 f6 36. Bxf6 Qh5+ 37. Kd2 Nf3+ 38. Kc3 1-0

[Event "2BLN 2122 SF Berlin II - FC St. Pauli"]
[Site "?"]
[Date "2022.06.18"]
[Round "7.3"]
[White "Krause, Benedict"]
[Black "Agopov, Mikael"]
[Result "0-1"]
[WhiteElo "2420"]
[BlackElo "2446"]
[PlyCount "88"]
[EventDate "2022.??.??"]

1. e4 c5 2. Nf3 d6 3. d4 cxd4 4. Nxd4 Nf6 5. Nc3 a6 6. Bg5 Nbd7 7. Qe2 h6 8.
Bh4 g6 9. f4 e5 10. fxe5 dxe5 11. O-O-O Qc7 12. Nb3 b5 13. Nd5 Nxd5 14. exd5
Bd6 15. Kb1 O-O 16. g4 Bb7 17. Qd2 Kg7 18. Na5 Rae8 19. Nxb7 Qxb7 20. Be2 e4
21. Qe3 Qb6 22. Bf2 Qxe3 23. Bxe3 Re7 24. Rhg1 Kh7 25. Rdf1 f5 26. gxf5 gxf5
27. Bf4 Bxf4 28. Rxf4 Rg7 29. Rg3 Nb6 30. d6 Nd5 31. Rf2 f4 32. Rxg7+ Kxg7 33.
c4 bxc4 34. Bxc4 Nb6 35. Bxa6 f3 36. Kc2 Kf6 37. Bb7 Ke5 38. a4 Nxa4 39. b4 Nb6
40. b5 Rd8 41. Rd2 Nc4 42. Rd5+ Kf4 43. Rd4 Nxd6 44. Bxe4 Ke3 0-1

[Event "2BLN 2122 SF Berlin II - FC St. Pauli"]
[Site "?"]
[Date "2022.06.18"]
[Round "7.4"]
[White "Baum, Jonasz"]
[Black "Socko, Monika"]
[Result "1/2-1/2"]
[WhiteElo "2400"]
[BlackElo "2413"]
[PlyCount "85"]
[EventDate "2022.??.??"]

1. d4 e6 2. c4 b6 3. Nf3 Bb7 4. g3 Bb4+ 5. Bd2 Bxf3 6. exf3 Bxd2+ 7. Qxd2 Nf6
8. d5 O-O 9. Nc3 exd5 10. cxd5 a6 11. Be2 c5 12. a4 d6 13. O-O Nbd7 14. f4 Re8
15. Bd3 Qc7 16. b3 Qb7 17. Rfe1 Kf8 18. Bc4 Rad8 19. Qd3 Nb8 20. f3 Qc8 21. Ne4
Nxe4 22. fxe4 Kg8 23. Rad1 Qg4 24. Rd2 a5 25. Rde2 Qg6 26. Bb5 Re7 27. Qf3 Qf6
28. e5 dxe5 29. Rxe5 Rxe5 30. Rxe5 g6 31. Qe4 Nd7 32. Re8+ Nf8 33. Re5 Kg7 34.
Be8 Ne6 35. dxe6 Rxe8 36. exf7 Rxe5 37. fxe5 Qe6 38. Kg2 Kxf7 39. Qb7+ Kg8 40.
Qb8+ Kg7 41. Qc7+ Kg8 42. Qd8+ Kg7 43. Qc7+ 1/2-1/2

[Event "2BLN 2122 SF Berlin II - FC St. Pauli"]
[Site "?"]
[Date "2022.06.18"]
[Round "7.5"]
[White "Sawatzki, Frank"]
[Black "Florstedt, Johannes"]
[Result "1/2-1/2"]
[WhiteElo "2377"]
[BlackElo "2368"]
[PlyCount "56"]
[EventDate "2022.??.??"]

1. e4 c5 2. Nf3 d6 3. d4 cxd4 4. Nxd4 Nf6 5. Nc3 a6 6. Be2 e5 7. Nf3 Be7 8. Bg5
Be6 9. Bxf6 Bxf6 10. O-O Be7 11. Nd5 Nd7 12. Bc4 Rc8 13. Qe2 Nb6 14. Nxb6 Qxb6
15. Bb3 O-O 16. Rfd1 Rc6 17. Rab1 Rfc8 18. Ne1 Qb5 19. Qxb5 axb5 20. Bd5 Bxd5
21. Rxd5 Rc5 22. Rbd1 b4 23. R1d3 Ra8 24. Rxc5 dxc5 25. Rd7 Bf8 26. Rxb7 c4 27.
Rc7 Rxa2 28. Rxc4 Rxb2 1/2-1/2

[Event "2BLN 2122 SF Berlin II - FC St. Pauli"]
[Site "?"]
[Date "2022.06.18"]
[Round "7.6"]
[White "Polzin, Rainer"]
[Black "Ertan, Can"]
[Result "1/2-1/2"]
[WhiteElo "2390"]
[BlackElo "2368"]
[PlyCount "83"]
[EventDate "2022.??.??"]

1. e4 e5 2. Nf3 Nc6 3. Bb5 a6 4. Ba4 Nf6 5. d3 b5 6. Bb3 Bc5 7. Nc3 d6 8. Nd5
Na5 9. Bg5 c6 10. Bxf6 gxf6 11. Ne3 Bxe3 12. fxe3 f5 13. exf5 Bxf5 14. e4 Nxb3
15. axb3 Bg4 16. O-O Rg8 17. Qd2 Rg6 18. Kh1 h6 19. d4 c5 20. dxe5 Bxf3 21.
Rxf3 dxe5 22. Rd3 Qg5 23. Qf2 Rd8 24. Rxd8+ Kxd8 25. Rd1+ Ke8 26. h3 c4 27.
bxc4 bxc4 28. c3 Kf8 29. Rf1 Qe7 30. Qe2 Qe6 31. Rf5 Kg7 32. Qe3 Qe7 33. Kh2
Rg5 34. Rxg5+ hxg5 35. Kg3 Qf6 36. Qf3 Qb6 37. Qf5 Qe3+ 38. Kg4 Qe2+ 39. Kxg5
Qxg2+ 40. Kh5 Qh2 41. Qg5+ Kh7 42. Qf5+ 1/2-1/2

[Event "2BLN 2122 SF Berlin II - FC St. Pauli"]
[Site "?"]
[Date "2022.06.18"]
[Round "7.7"]
[White "Krause, Jonah"]
[Black "Chatzidakis, Mihail"]
[Result "1/2-1/2"]
[WhiteElo "2360"]
[BlackElo "2368"]
[PlyCount "63"]
[EventDate "2022.??.??"]

1. d4 Nf6 2. c4 g6 3. Nc3 Bg7 4. e4 d6 5. Nf3 O-O 6. Be2 Nbd7 7. O-O e5 8. Be3
Re8 9. Qc2 exd4 10. Nxd4 c6 11. Rad1 Qc7 12. Rfe1 a6 13. Bf4 Ne5 14. h3 b5 15.
cxb5 cxb5 16. Qb3 Bb7 17. Bxb5 axb5 18. Ndxb5 Qe7 19. Nxd6 Bd5 20. Nxd5 Qxd6
21. Nb6 Nf3+ 22. Qxf3 Qxb6 23. e5 Nh5 24. Be3 Qxb2 25. g4 Qxe5 26. gxh5 Rxa2
27. Bd2 Rxd2 28. Rxe5 Rxd1+ 29. Qxd1 Rxe5 30. Qd8+ Bf8 31. hxg6 hxg6 32. Kg2
1/2-1/2

[Event "2BLN 2122 SF Berlin II - FC St. Pauli"]
[Site "?"]
[Date "2022.06.18"]
[Round "7.8"]
[White "Hoffmann, Udo"]
[Black "Voigt, Martin"]
[Result "0-1"]
[WhiteElo "2304"]
[BlackElo "2293"]
[PlyCount "28"]
[EventDate "2022.??.??"]

1. e4 c6 2. d3 d5 3. Nd2 e5 4. Ngf3 Bd6 5. d4 exd4 6. exd5 cxd5 7. Bb5+ Nc6 8.
Nxd4 Nge7 9. O-O O-O 10. N2f3 Bg4 11. Be3 Nxd4 12. Bxd4 Nf5 13. Be2 Bxf3 14.
Bxf3 Qh4 0-1

[Event "2BLN 2122 SK Zehlendorf - SV Lingen"]
[Site "?"]
[Date "2022.06.19"]
[Round "8.1"]
[White "Kollen, Zyon"]
[Black "Sawlin, Leonid"]
[Result "0-1"]
[WhiteElo "2376"]
[BlackElo "2391"]
[PlyCount "76"]
[EventDate "2022.??.??"]

1. e4 g6 2. d4 Bg7 3. Nc3 d6 4. Be3 a6 5. Qd2 b5 6. f3 Nd7 7. d5 Bb7 8. Nge2 c5
9. dxc6 Bxc6 10. Nd4 Bb7 11. O-O-O Nb6 12. Bd3 Rc8 13. Kb1 Nf6 14. g4 Nfd7 15.
h4 Ne5 16. h5 Nec4 17. Bxc4 Nxc4 18. Qd3 b4 19. h6 Be5 20. Nce2 O-O 21. f4 Bh8
22. Bc1 e5 23. Nf5 gxf5 24. gxf5 Bf6 25. fxe5 Bxe5 26. Rdg1+ Kh8 27. Rg7 d5 28.
f6 dxe4 29. Qh3 Qxf6 30. Rf1 Qc6 31. Qf5 Na3+ 32. Ka1 Nxc2+ 33. Kb1 Bxg7 34.
hxg7+ Kxg7 35. Rh1 Qg6 36. Rg1 e3 37. Rg4 Rfe8 38. Nf4 Na3+ 0-1

[Event "2BLN 2122 SK Zehlendorf - SV Lingen"]
[Site "?"]
[Date "2022.06.19"]
[Round "8.2"]
[White "Lagunow, Raphael"]
[Black "Milanovic, Danilo"]
[Result "1/2-1/2"]
[WhiteElo "2401"]
[BlackElo "2409"]
[PlyCount "52"]
[EventDate "2022.??.??"]

1. e4 d5 2. exd5 Qxd5 3. Nc3 Qd6 4. d4 c6 5. Nf3 Bf5 6. g3 Nf6 7. Bf4 Qd8 8.
Qe2 e6 9. Nh4 Bg6 10. O-O-O Be7 11. Nxg6 hxg6 12. Kb1 Nbd7 13. h4 Nb6 14. Bc1
Nbd5 15. Ne4 Qb6 16. Ka1 Nxe4 17. Qxe4 O-O-O 18. Bg2 Rh5 19. g4 Nf6 20. Qf3 Ra5
21. g5 Nd5 22. Qxf7 Nb4 23. Qxe6+ Rd7 24. Bh3 Nxc2+ 25. Kb1 Na3+ 26. Ka1 Nc2+
1/2-1/2

[Event "2BLN 2122 SK Zehlendorf - SV Lingen"]
[Site "?"]
[Date "2022.06.19"]
[Round "8.3"]
[White "Gutman, Lev"]
[Black "Baskin, Robert"]
[Result "0-1"]
[WhiteElo "2358"]
[BlackElo "2401"]
[PlyCount "92"]
[EventDate "2022.??.??"]

1. Nf3 c5 2. g3 Nc6 3. d4 cxd4 4. Nxd4 Qb6 5. c3 e5 6. Nb3 Nf6 7. Bg2 d5 8. O-O
Be6 9. Be3 Qc7 10. Bc5 Be7 11. Na3 O-O 12. Rc1 Rfd8 13. Qd3 b6 14. Bxe7 Nxe7
15. f4 e4 16. Qd2 Qd7 17. Nc2 h5 18. Nbd4 Nf5 19. Rcd1 Rac8 20. Nxf5 Bxf5 21.
Ne3 Bh3 22. f5 Bxg2 23. Kxg2 Qb5 24. h3 d4 25. cxd4 Nd5 26. g4 h4 27. f6 Qa5
28. Nxd5 Qxd5 29. Rf5 Qd6 30. Qf4 Rc2 31. fxg7 Rxe2+ 32. Kf1 Qxf4+ 33. Rxf4
Rxb2 34. Rf2 Rb4 35. Rfd2 Ra4 36. Kf2 Ra3 37. Re1 Rxh3 38. Rxe4 Rh2+ 39. Ke3
Rxd2 40. Kxd2 Kxg7 41. Ke3 Kg6 42. Re5 Rh8 43. Kf2 h3 44. Kg1 Rh4 45. Re4 Kg5
46. d5 f5 0-1

[Event "2BLN 2122 SK Zehlendorf - SV Lingen"]
[Site "?"]
[Date "2022.06.19"]
[Round "8.4"]
[White "Stachowiak, Kamil"]
[Black "Miletic, Vuk"]
[Result "1-0"]
[WhiteElo "2474"]
[BlackElo "2203"]
[PlyCount "81"]
[EventDate "2022.??.??"]

1. d4 d5 2. Nf3 e6 3. c4 a6 4. cxd5 exd5 5. Nc3 Nf6 6. Bg5 Be6 7. e3 Nbd7 8.
Bd3 Bd6 9. Qc2 h6 10. Bh4 O-O 11. O-O c6 12. Bg3 Qe7 13. Rae1 Bxg3 14. hxg3 Qd6
15. Na4 Rae8 16. b4 Ne4 17. Nc5 Ndxc5 18. bxc5 Qc7 19. Bxe4 dxe4 20. Nd2 Bd5
21. Rb1 Re7 22. Rb6 Rd8 23. Rfb1 Rdd7 24. Rxb7 Qxb7 25. Rxb7 Rxb7 26. Nc4 Bxc4
27. Qxc4 Rb1+ 28. Kh2 Rb2 29. Qxa6 Re6 30. a4 Kh7 31. Qa7 Kg6 32. a5 Rf6 33.
Qd7 h5 34. a6 Ra2 35. a7 Kg5 36. Qb7 Rfxf2 37. a8=Q Rxg2+ 38. Kh1 Rh2+ 39. Kg1
Rag2+ 40. Kf1 Rf2+ 41. Ke1 1-0

[Event "2BLN 2122 SK Zehlendorf - SV Lingen"]
[Site "?"]
[Date "2022.06.19"]
[Round "8.5"]
[White "Stankovic, Dimitrije"]
[Black "Luch, Michal"]
[Result "0-1"]
[WhiteElo "2107"]
[BlackElo "2371"]
[PlyCount "96"]
[EventDate "2022.??.??"]

1. e4 c5 2. Nf3 e6 3. d4 cxd4 4. Nxd4 Nc6 5. Nc3 Qc7 6. Be3 a6 7. Qd2 Nf6 8. f3
Be7 9. O-O-O O-O 10. g4 b5 11. Kb1 Rd8 12. Be2 Na5 13. e5 Qxe5 14. g5 Ne8 15.
Bf4 Qc5 16. Ne4 Qb6 17. Be3 Qc7 18. f4 Nc4 19. Qd3 Bb7 20. Rhg1 Bxe4 21. Qxe4
d5 22. Qf3 Nxe3 23. Qxe3 Bc5 24. Rg3 Nd6 25. Qe5 Rac8 26. Nb3 Bb6 27. Bd3 Nc4
28. Qe2 g6 29. Rf1 a5 30. Nd2 Bd4 31. Nf3 Qxf4 32. Bxc4 bxc4 33. Nxd4 Qxd4 34.
Rgf3 Rc7 35. Rf4 Qg7 36. Rf6 Rb8 37. Kc1 a4 38. Qe5 Rcb7 39. Qf4 Qf8 40. Kd1
Qe8 41. Qe5 d4 42. R1f4 Rd8 43. h4 c3 44. b3 axb3 45. axb3 Qc6 46. Rf3 d3 47.
Qa5 dxc2+ 48. Kxc2 Qe4+ 0-1

[Event "2BLN 2122 SK Zehlendorf - SV Lingen"]
[Site "?"]
[Date "2022.06.19"]
[Round "8.6"]
[White "Lagunow, Alexander"]
[Black "Gazic, Josip"]
[Result "1-0"]
[WhiteElo "2372"]
[BlackElo "2160"]
[PlyCount "63"]
[EventDate "2022.??.??"]

1. e4 g6 2. d4 Bg7 3. Nf3 c5 4. d5 b5 5. e5 d6 6. a4 bxa4 7. Na3 a6 8. Nc4 dxe5
9. Ncxe5 Nf6 10. Bc4 O-O 11. Ra3 Bb7 12. Rd3 Qd6 13. O-O Nbd7 14. Re1 Nb6 15.
Ba2 Rac8 16. c4 Rce8 17. h3 Nfd7 18. Ng4 Bc8 19. Nh6+ Kh8 20. Ng5 Bxh6 21. Ne4
Qe5 22. Bxh6 Qxb2 23. Rd2 Qb4 24. Qa1+ f6 25. Rb2 Qa5 26. Bd2 a3 27. Bxa5 axb2
28. Qxb2 Na8 29. Qa3 Ne5 30. f4 Nf7 31. Qa4 Bf5 32. Nxf6 1-0

[Event "2BLN 2122 SK Zehlendorf - SV Lingen"]
[Site "?"]
[Date "2022.06.19"]
[Round "8.7"]
[White "Boehme, Arne"]
[Black "Kalabic, Faris"]
[Result "1-0"]
[WhiteElo "2176"]
[BlackElo "2211"]
[PlyCount "73"]
[EventDate "2022.??.??"]

1. e4 c5 2. Nf3 Nc6 3. d4 cxd4 4. Nxd4 Nf6 5. Nc3 e5 6. Ndb5 d6 7. Nd5 Nxd5 8.
exd5 Ne7 9. c4 Nf5 10. Bd3 a6 11. Nc3 Be7 12. O-O O-O 13. f4 exf4 14. Bxf4 Nh4
15. Qc2 f5 16. Bg3 g6 17. Be1 f4 18. Bxh4 Bxh4 19. Bxg6 Qe7 20. Be4 Bd7 21.
Rad1 Rac8 22. Qd3 Rf6 23. Rd2 Rcf8 24. Re2 Qf7 25. Bf3 Rh6 26. Re6 Bxe6 27.
dxe6 Qg7 28. Qxd6 Be7 29. Qc7 Kh8 30. Bd5 Qd4+ 31. Kh1 Qd3 32. Qe5+ Bf6 33.
Qxf4 Bg7 34. Qxf8+ Bxf8 35. Rxf8+ Kg7 36. Rf7+ Kg8 37. Be4 1-0

[Event "2BLN 2122 SG AE Magdeburg - SK Kirchwey"]
[Site "?"]
[Date "2022.06.19"]
[Round "8.1"]
[White "Ivic, Velimir"]
[Black "Degtiarev, Evgeny"]
[Result "0-1"]
[WhiteElo "2628"]
[BlackElo "2380"]
[PlyCount "112"]
[EventDate "2022.??.??"]

1. Nf3 d5 2. d4 Nf6 3. c4 c6 4. Nc3 a6 5. c5 Bg4 6. Ne5 Be6 7. Qb3 Ra7 8. e3
Nbd7 9. Nxd7 Nxd7 10. Bd3 g6 11. Na4 Bg7 12. Bd2 f6 13. h4 Bf7 14. h5 e5 15. h6
Bf8 16. f3 Be7 17. g4 O-O 18. O-O-O Qb8 19. Kb1 Ra8 20. Rhe1 Qc7 21. Qc2 Rae8
22. Bc3 Bd8 23. Qf2 e4 24. Bc2 f5 25. gxf5 gxf5 26. Qg2+ Bg6 27. Rf1 Nf6 28.
Be1 Qd7 29. Bg3 exf3 30. Rxf3 Ne4 31. Bf4 Bc7 32. Qh2 Rf7 33. Rg1 Bxf4 34. Rxf4
Kh8 35. Kc1 Nf6 36. Qh3 Ng4 37. e4 dxe4 38. Bb3 Qxd4 39. Qf1 Ne3 40. Qf2 Rd7
41. Nc3 Ng4 42. Qg3 Qxc5 43. Re1 b5 44. Bc2 Ne5 45. Qg5 Qe7 46. Qg3 b4 47. Nd1
Qc5 48. Kb1 Nc4 49. Rf2 Qe5 50. Qh4 Rd2 51. Kc1 Rxf2 52. Qxf2 e3 53. Qe2 Qd4
54. Qd3 c5 55. b3 Qa1+ 56. Bb1 f4 0-1

[Event "2BLN 2122 SG AE Magdeburg - SK Kirchwey"]
[Site "?"]
[Date "2022.06.19"]
[Round "8.2"]
[White "Malek, Daniel"]
[Black "Stevic, Hrvoje"]
[Result "1/2-1/2"]
[WhiteElo "2346"]
[BlackElo "2563"]
[PlyCount "42"]
[EventDate "2022.??.??"]

1. e4 e5 2. Nf3 Nc6 3. Bb5 g6 4. O-O Bg7 5. c3 a6 6. Ba4 b5 7. Bb3 Nge7 8. d4
exd4 9. cxd4 O-O 10. d5 Na5 11. Bd2 Nxb3 12. Qxb3 c5 13. Bc3 Bxc3 14. Nxc3 d6
15. Rfe1 Ra7 16. h3 f6 17. a4 b4 18. Nb1 g5 19. Nbd2 Ng6 20. Nc4 Re8 21. Re3
Rae7 1/2-1/2

[Event "2BLN 2122 SG AE Magdeburg - SK Kirchwey"]
[Site "?"]
[Date "2022.06.19"]
[Round "8.3"]
[White "Brkic, Ante"]
[Black "Sieber, Fiona"]
[Result "1/2-1/2"]
[WhiteElo "2618"]
[BlackElo "2265"]
[PlyCount "104"]
[EventDate "2022.??.??"]

1. e4 c5 2. Nf3 d6 3. d4 cxd4 4. Nxd4 Nf6 5. Nc3 a6 6. Be3 e6 7. a3 Be7 8. g4
Nc6 9. g5 Nd7 10. h4 Qc7 11. Be2 Nce5 12. f4 Nc4 13. Bxc4 Qxc4 14. Qd2 b5 15.
Rf1 Bb7 16. f5 e5 17. b3 Qc7 18. Nde2 Rc8 19. Nd5 Qxc2 20. Rc1 Qxd2+ 21. Kxd2
Nc5 22. Bxc5 dxc5 23. Nec3 f6 24. Rg1 Kf7 25. Ke3 Rhd8 26. h5 fxg5 27. Nxe7
Kxe7 28. Rxg5 Kf6 29. Rcg1 c4 30. Rxg7 cxb3 31. Nb1 Rd1 32. Rxd1 Kxg7 33. Rd7+
Kf6 34. Rxb7 Rc1 35. Rxh7 Rxb1 36. Kd2 Re1 37. Rh6+ Kg5 38. Rg6+ Kxh5 39. Kc3
Re3+ 40. Kb2 a5 41. Rg2 Rxe4 42. f6 Rf4 43. Re2 e4 44. f7 a4 45. Rxe4 Rf2+ 46.
Kb1 Kg6 47. Rb4 Kxf7 48. Rxb5 Ra2 49. Rb4 Rxa3 50. Rf4+ Ke6 51. Rf2 Kd5 52. Rh2
Kd4 1/2-1/2